Normal view
MARC view
Entry Personal Name
001 - CONTROL NUMBER
- control field: 12504
003 - CONTROL NUMBER IDENTIFIER
- control field: ARRUPE
005 - DATE AND TIME OF LATEST TRANSACTION
- control field: 20141107144256.0
008 - FIXED-LENGTH DATA ELEMENTS
- fixed length control field: 141107|| aca||aabn | a|a d
040 ## - CATALOGING SOURCE
- Original cataloging agency: ARRUPE
- Transcribing agency: ARRUPE
100 ## - HEADING--PERSONAL NAME
- Personal name: Burghardt, william Edward
670 ## - SOURCE DATA FOUND
- Source citation: Work cat.: (ARRUPE): Burghardt, william Edward, W.E.B. Du Bois, 1986